000
00345nam a2200133Ia 4500
008
231019s9999 xx 000 0 und d
082
_a
658.3
_b
ROB -O
100
_a
Stephen P. Robbins, Timothy A.Judge
245
0
_a
Organizational Behavior
260
_a
USA
_b
Pearson Education
_c
2010
300
_a
759
650
_a
Social Science
999
_c
34534
_d
34534